Least Populated US States - Statistics

General Stats
  • This quiz has been taken 57 times
  • The average score is 13 of 15
Answer Stats
Population State % Correct
647,064 Vermont
94%
581,381 Wyoming
94%
1,385,340 Maine
92%
1,122,867 Montana
92%
779,261 North Dakota
92%
1,093,734 Rhode Island
92%
909,824 South Dakota
92%
1,395,231 New Hampshire
88%
733,583 Alaska
86%
1,018,396 Delaware
86%
1,939,033 Idaho
86%
2,113,344 New Mexico
80%
1,440,196 Hawaii
76%
1,967,923 Nebraska
76%
1,775,156 West Virginia
69%
No matching quizzes found
Score Distribution
Percent of People with Each Score
Percentile by Number Answered
Your Score History
You have not taken this quiz